000
00283 a2200121 4500
001
64345
082
_a
530.11 TAY
090
_c
37980
_d
37980
100
_a
Taylor E.F
245
_a
Space-time Physics
260
_a
San Francisco
_b
W.H.Freman and Company
_c
1966
300
_a
208 p.
942
_a
NUST-CAE
_k
530.11 TAY
999
_c
299418
_d
299418